Central Library OPAC University of Rajshahi

The Japanese strategy : (Record no. 58736)

MARC details
000 -LEADER
fixed length control field 00915nam a2200265 a 4500
001 - CONTROL NUMBER
control field 58736
003 - CONTROL NUMBER IDENTIFIER
rucl marc code BD-RjUL
005 - DATE AND TIME OF LATEST TRANSACTION
control field 20211209080643.0
008 - FIXED-LENGTH DATA ELEMENTS--GENERAL INFORMATION
fixed length control field 161219s1996 bg b 00100 eng d
020 ## - INTERNATIONAL STANDARD BOOK NUMBER
International Standard Book Number 9840513273
035 ## - SYSTEM CONTROL NUMBER
System control number (BD-RjUL)58860
System control number 1592864
040 ## - CATALOGING SOURCE
Original cataloging agency ANL
Language of cataloging eng
Transcribing agency ANL
Modifying agency BD-RjUL
041 ## - LANGUAGE CODE
Language code of text/sound track or separate title eng
082 04 - DEWEY DECIMAL CLASSIFICATION NUMBER
Classification number 338.90952
Edition number 23
Author mark and year RAJ 1996
100 1# - MAIN ENTRY--PERSONAL NAME
Personal name Rahman, Mushtafizur
9 (RLIN) 174593
245 14 - TITLE STATEMENT
Title The Japanese strategy :
Remainder of title Japan's development strategy as a lesson or a threat to global economic order /
Statement of responsibility, etc. Mustafizur Rahman.
260 ## - PUBLICATION, DISTRIBUTION, ETC. (IMPRINT)
Place of publication, distribution, etc. Bangladesh :
Name of publisher, distributor, etc. University Press Limited,
Date of publication, distribution, etc. 1996.
300 ## - PHYSICAL DESCRIPTION
Pagination xvii, 186 p. ;
Size 22 cm.
504 ## - BIBLIOGRAPHY, ETC. NOTE
Bibliography, etc Includes index and Bibliograpgy: p. 177-181.
650 #0 - SUBJECT ADDED ENTRY--TOPICAL TERM
Topical term or geographic name as entry element Economic development
General subdivision Social aspects
Geographic subdivision Japan.
9 (RLIN) 174594
651 #0 - SUBJECT ADDED ENTRY--GEOGRAPHIC NAME
Geographic name Japan
General subdivision Economic conditions
Chronological subdivision 20th century.
9 (RLIN) 174595
Geographic name Japan
General subdivision Economic conditions.
9 (RLIN) 173504
942 ## - ADDED ENTRY ELEMENTS (KOHA)
Source of classification or shelving scheme Dewey Decimal Classification
Koha item type Books
Holdings
Lost status Source of classification or shelving scheme Damaged status Not for loan Collection code Permanent Location Current Location Shelving location Date acquired Source of acquisition Cost, normal purchase price Total Checkouts Full call number Date last seen Copy number Koha item type
  Dewey Decimal Classification   Not For Loan Non-fiction Central Library, University of Rajshahi Central Library, University of Rajshahi Rare Book Section 15/02/1999 Karim International, Dhaka 235.00   338.90952 RAJ 1996 19/12/2016 C-1 Books